Lilas en un prado negro / (Record no. 196153)

MARC details
000 -LEADER
campo de control de longitud fija 01470nam a2200361 i 4500
001 - NÚMERO DE CONTROL
campo de control 196153
003 - IDENTIFICADOR DE NÚMERO DE CONTROL
campo de control ES-MaACL
005 - FECHA Y HORA DE LA ÚLTIMA TRANSACCIÓN
campo de control 20260201183407.0
008 - DATOS DE LONGITUD FIJA--INFORMACIÓN GENERAL
campo de control de longitud fija 240816s2012 sp | |||| 000 j spa
015 ## - NÚMERO DE BIBLIOGRAFÍA NACIONAL
Número de bibliografía nacional MON12
017 ## - NÚMERO DE COPYRIGHT O DE DEPÓSITO LEGAL
Número de copyright o de depósito legal M 37473-2012
Agencia que asigna Oficina Depósito Legal Madrid
020 ## - NÚMERO INTERNACIONAL ESTÁNDAR DEL LIBRO
Número Internacional Estándar del Libro 9788493909833
035 ## - NÚMERO DE CONTROL DEL SISTEMA
Número de control de sistema (OCoLC)864166721
035 ## - NÚMERO DE CONTROL DEL SISTEMA
Número de control de sistema (SpMaBN)a5338175
035 ## - NÚMERO DE CONTROL DEL SISTEMA
Número de control de sistema 991040303019708606
040 ## - FUENTE DE CATALOGACIÓN
Centro catalogador/agencia de origen SpMaBN
Lengua de catalogación spa
Centro/agencia transcriptor SpMaBN
Normas de descripción rdc
080 ## - NÚMERO DE LA CLASIFICACIÓN DECIMAL UNIVERSAL
Número de la Clasificación Decimal Universal 821.134.2-32"19"
100 ## - ENTRADA PRINCIPAL--NOMBRE DE PERSONA
Nombre de persona Alvite, José Luis,
Fechas asociadas al nombre 1949-2015
9 (RLIN) 237245
Término indicativo de función/relación Autor
245 10 - MENCIÓN DEL TÍTULO
Título Lilas en un prado negro /
Mención de responsabilidad, etc. José Luis Alvite, prólogo de Santiago González, epílogo de J. M. Amilibia.
260 ## - PUBLICACIÓN, DISTRIBUCIÓN, ETC.
Lugar de publicación, distribución, etc. Madrid :
Nombre del editor, distribuidor, etc. Ézaro,
Fecha de publicación, distribución, etc. D.L. 2012.
300 ## - DESCRIPCIÓN FÍSICA
Extensión 288 p. :
Dimensiones 24 cm.
336 ## - TIPO DE CONTENIDO
Término de tipo de contenido Texto (visual)
Fuente isbdcontent
337 ## - TIPO DE MEDIO
Nombre/término del tipo de medio sin mediación
Fuente isbdmedia
338 ## - TIPO DE SOPORTE
Fuente rdacarrier
Nombre/término del tipo de soporte volumen
520 ## - RESUMEN, ETC.
Sumario, etc. Aquí se trata del psiquiátrico San Antón de Restande, un lugar deudor del opaco esplendor de los tiempos pasados, de cuando los hospitales psiquiátricos se llamaban manicomios.
700 0# - ENTRADA AGREGADA--NOMBRE PERSONAL
9 (RLIN) 58382
Nombre de persona González, Santiago
Término indicativo de función/relación Autor de introducción
700 0# - ENTRADA AGREGADA--NOMBRE PERSONAL
Nombre de persona Amilibia, Eustasio de
Término indicativo de función/relación Autor de diálogo
9 (RLIN) 21252
852 ## - LOCALIZACIÓN
Ubicación ES-MaACL
Sublocalización o colección R.153195
Ubicación en estantería Depósito J
Número de control de estantería N-9220
Donativo/Legado Donación: Editorial
Encuadernación Encuadernación rústica con solapas
itemnumber 205169
942 ## - ELEMENTOS DE ENTRADA SECUNDARIOS (KOHA)
Tipo de ítem Koha Libro impreso
Suprimir en OPAC No
Holdings
Estatus retirado Estado de pérdida Fuente del sistema de clasificación o colocación Estado de daño No para préstamo Biblioteca de origen Biblioteca actual Ubicación en estantería Fecha de adquisición Fuente de adquisición Total de préstamos Signatura topográfica completa Código de barras Visto por última vez Precio de reemplazo Tipo de ítem Koha
    Clasificación decimal universal     Biblioteca del Ateneo de Madrid Biblioteca del Ateneo de Madrid Depósito J 05/05/2025 Donación   N-9220 101229959 05/05/2025 05/05/2025 Libro impreso